|
|
|
|
| LEADER |
01119nam a2200289 a 4500 |
| 001 |
182623909 |
| 003 |
BD-DhAAL |
| 008 |
091019b ne b 000 0 eng d |
| 999 |
|
|
|c 4707
|d 4707
|
| 020 |
|
|
|a 0861250745
|
| 040 |
|
|
|a CRL
|c CRL
|
| 082 |
0 |
0 |
|a 616.9/98
|
| 245 |
0 |
0 |
|a Intramuscular administration of dapsone in the treatment of leprosy :
|b a new approach /
|c Ellen S. M. Modderman
|
| 260 |
|
|
|a Amsterdam :
|b The depatment of Biopharmaceutics of The University of Amsterdam
|
| 300 |
|
|
|a 141 pages ;
|c 22 cm.
|
| 504 |
|
|
|a Includes bibliographical references.
|
| 541 |
1 |
|
|e 00006125
|
| 650 |
|
0 |
|a Dapsone
|x administration & dosage.
|9 44284
|
| 650 |
|
0 |
|a Leprosy.
|9 44285
|
| 650 |
|
0 |
|a Lepra.
|9 44286
|
| 650 |
|
0 |
|a Dapson.
|9 44287
|
| 650 |
|
0 |
|a Pharmacy.
|9 44288
|
| 650 |
|
0 |
|a Farmacotherapie.
|9 44289
|
| 710 |
2 |
|
|a Universiteit van Amsterdam
|9 44290
|
| 852 |
4 |
|
|a Ayesha Abed Library
|j General shelf
|
| 942 |
|
|
|2 ddc
|c BK
|
| 952 |
|
|
|0 0
|1 0
|2 ddc
|4 0
|6 616_998000000000000_INT
|7 0
|9 4497
|a BRACUL
|b BRACUL
|c GEN
|d 2009-10-19
|g 0.00
|l 0
|o 616.998 INT
|p 3010006125
|r 2009-10-19
|t 1
|w 2009-10-19
|y BK
|x No price found in the accession register.
|